000 00497nam a22001577a 4500
003 NUST
038 _aNusrat Nadeem
082 _a200
100 _aAZIZ, SARTAJ
_9129353
245 _aTHE EFFECT OF INFORMATIONAL NUDGING ON ELECTRICITY CONSERVATION BEHAVIOUR/
_cSARTAJ AZIZ,
264 _aIslamabad:
_bS3H NUST.
_c2025.
650 _aMS-Economics
_9123068
700 _aSupervisor: Dr. ZAHID SIDDIQUE
_9126223
856 _uhttp://10.250.8.41:8080/xmlui/handle/123456789/54873
942 _2ddc
_cSC
999 _c614821
_d614821